000 01036nam a2200229Ia 4500
003 Ost
005 20260507075055.0
008 260507s9999||||xx |||||||||||||| ||und||
040 _cfsecg
041 _aara
082 _a1.6
100 _aالكيلاني، عثمان
_eمؤلف
245 0 _aالمدخل إلى نظم المعلومات الإدارية /
_c عثمان الكيلاني
260 _aعمان:
_bدار المناهج للنشر,
_c2003
300 _a298 صفحة؛
_bإيضاحات ؛
_c24 سم
504 _aبيبليوغرافيا ص.295
520 _aالمعلومات-الادارة-النظام،نظم المعلومات الإدارية،منهجية تطوير نظم المعلومات الإدارية،أمثلة عن نظم المعلومات الإدارية،بعض نظم المعلومات المتطورة
653 _aإدارة
653 _aنظم المعلومات- المؤسسة الممتدة
700 _aالبياتي، هلال
_eمؤلف ثانوي
942 _cكتاب
999 _c42735
_d42735